Oscar Winning Films of the 2020's - Statistics

General Stats
  • This quiz has been taken 222 times
    7 since last reset
  • The average score is 32 of 59
Answer Stats
Category Year Film % Correct
Picture 2024 Anora
80%
Original Song 2023 Barbie
80%
Picture 2021 CODA
80%
Cinematography 2021 Dune
80%
Sound 2024 Dune: Part Two
80%
Picture 2022 Everything Everywhere All at Once
80%
Sound 2025 F1
80%
Lead Actor 2021 King Richard
80%
Picture 2020 Nomadland
80%
Picture 2025 One Battle After Another
80%
Picture 2023 Oppenheimer
80%
Lead Actress 2023 Poor Things
80%
Original Screenplay 2025 Sinners
80%
Visual Effects 2020 Tenet
80%
Lead Actor 2024 The Brutalist
80%
Lead Actor 2022 The Whale
80%
Original Screenplay 2023 Anatomy of a Fall
60%
Supporting Actress 2024 Emilia Pérez
60%
Animated Feature 2021 Encanto
60%
Animated Feature 2024 Flow
60%
Lead Actress 2025 Hamnet
60%
Supporting Actor 2020 Judas and the Black Messiah
60%
Animated Feature 2025 KPop Demon Hunters
60%
Supporting Actress 2020 Minari
60%
International Feature 2025 Sentimental Value
60%
Animated Feature 2020 Soul
60%
Adapted Screenplay 2020 The Father
60%
Supporting Actress 2023 The Holdovers
60%
Makeup and Hairstyling 2024 The Substance
60%
Sound 2022 Top Gun Maverick
60%
Supporting Actress 2025 Weapons
60%
International Feature 2022 All Quiet on the Western Front
40%
Adapted Screenplay 2023 American Fiction
40%
Supporting Actor 2024 A Real Pain
40%
Visual Effects 2025 Avatar: Fire and Ash
40%
Visual Effects 2022 Avatar: The Way of Water
40%
Original Screenplay 2021 Belfast
40%
Costume Design 2022 Black Panther: Wakanda Forever
40%
Adapted Screenplay 2024 Conclave
40%
Costume Design 2021 Cruella
40%
International Feature 2021 Drive My Car
40%
Production Design 2025 Frankenstein
40%
Animated Feature 2022 Guillermo Del Toro's Pinocchio
40%
International Feature 2024 I'm Still Here
40%
Costume Design 2020 Ma Rainey's Black Bottom
40%
Original Song 2021 No Time to Die
40%
Original Screenplay 2020 Promising Young Woman
40%
Original Song 2022 RRR
40%
Animated Feature 2023 The Boy and the Heron
40%
Lead Actress 2021 The Eyes of Tammy Faye
40%
Director 2021 The Power of the Dog
40%
International Feature 2023 The Zone of Interest
40%
Supporting Actress 2021 West Side Story
40%
Production Design 2024 Wicked
40%
Adapted Screenplay 2022 Women Talking
40%
International Feature 2020 Another Round
20%
Visual Effects 2023 Godzilla Minus One
20%
Cinematography 2020 Mank
20%
Film Editing 2020 The Sound of Metal
20%
No matching quizzes found
Score Distribution
Percent of People with Each Score
Percentile by Number Answered
Your Score History
You have not taken this quiz since the last reset